|
|
|
|
| LEADER |
00000nas a2200000 a 4500 |
| 001 |
ssj0008090 |
| 003 |
WaSeSS |
| 005 |
20200512172242.0 |
| 006 |
m d |
| 007 |
cr n |
| 008 |
990918c19399999inutx pss 0 a0eng c |
| 010 |
|
|
|a sn 99004671
|
| 016 |
7 |
|
|a 2012514-8
|2 DE-600
|
| 022 |
|
|
|a 1527-2028
|l 0021-6704
|y 0021-6704
|
| 035 |
|
|
|a (WaSeSS)ssj0008090
|
| 040 |
|
|
|a JHE
|b eng
|c JHE
|d NSD
|d OCL
|d OCLCQ
|d F#A
|d OCLCQ
|d MUQ
|d IUL
|d EYM
|d NSD
|d OCLCQ
|d MYG
|d OCLCQ
|d OCLCF
|d EUW
|d OCLCQ
|d DEBBG
|d WT2
|d GILDS
|d OCLCO
|d OCLCQ
|d TOF
|d WYU
|d VT2
|d SFB
|d OCLCQ
|d OCLCO
|d WaSeSS
|
| 042 |
|
|
|a nsdp
|a pcc
|
| 050 |
1 |
4 |
|a DS101
|
| 082 |
1 |
0 |
|a 909
|2 13
|
| 130 |
0 |
|
|a Jewish social studies (Online)
|
| 210 |
0 |
|
|a Jew. soc. stud.
|b (Online)
|
| 222 |
|
0 |
|a Jewish social studies
|b (Online)
|
| 245 |
1 |
0 |
|a Jewish social studies
|h [electronic resource].
|
| 260 |
|
|
|a New York City :
|b Conference on Jewish Relations,
|c 1939-
|
| 310 |
|
|
|a Three times a year,
|b fall 1994-
|
| 321 |
|
|
|a Quarterly,
|b 1939-summer 1988/fall 1993
|
| 362 |
0 |
|
|a Vol. 1, no. 1 (Jan. 1939)-v. 50, no. 3/4 (summer 1988/fall 1993) ; new ser., vol. 1 (fall 1994)-
|
| 500 |
|
|
|a Published by: Conference on Jewish Social Studies, Apr. 1955-summer 1988/fall 1993; published: Bloomington, in: Indiana University Press, 1994-
|
| 506 |
|
|
|a License restrictions may limit access.
|
| 588 |
0 |
|
|a Vol. 1, no. 1 (Jan. 1939); title from cover (JSTOR, viewed June 23, 2010).
|
| 588 |
1 |
|
|a New ser., vol. 13, no. 1 (fall 2006) (JSTOR, viewed June 23, 2010).
|
| 650 |
|
0 |
|a Jews
|v Periodicals.
|
| 650 |
|
6 |
|a Juifs
|x Périodiques.
|
| 650 |
|
7 |
|a Jews.
|2 fast
|0 (OCoLC)fst00983135
|
| 655 |
|
0 |
|a Electronic journals.
|
| 710 |
2 |
|
|a Conference on Jewish Relations (U.S.)
|
| 710 |
2 |
|
|a Conference on Jewish Social Studies (U.S.)
|
| 776 |
0 |
8 |
|i Print version:
|t Jewish social studies
|x 0021-6704
|w (DLC) 42047218
|w (OCoLC)1714440
|
| 856 |
4 |
0 |
|z Full text available from Research Library: 10/01/1995 to present
|u https://search.proquest.com/publication/31156
|